000 00276nam a22001337a 4500
008 180824b xxu||||| |||| 00| 0 eng d
020 _a9780721690360
041 _aeng
080 _a61
100 _a3
101 _aSHM
245 _aECCGS HEART
_cGARRE.A
942 _2udc
_cBK
999 _c47314
_d47314